header

The impact of computer games (Record no. 67201)

MARC details
000 -LEADER
fixed length control field 01115nam a2200289Ia 4500
245 04 - TITLE STATEMENT
Title The impact of computer games
260 ## - PUBLICATION, DISTRIBUTION, ETC. (IMPRINT)
Place of publication Bradford, England :
Name of publisher Emerald Group Publishing,
Year of publication c2002.
300 ## - PHYSICAL DESCRIPTION
Number of Pages 99 p.
490 0# - SERIES STATEMENT
Series statement The electronic library ;
650 #0 - SUBJECT ADDED ENTRY--TOPICAL TERM
Topical Term Computer games.
Topical Term Technology
700 1# - ADDED ENTRY--PERSONAL NAME
Personal name Choi, Charlie.
Personal name Loo, Alfred.
856 40 - ELECTRONIC LOCATION AND ACCESS
Uniform Resource Identifier http://site.ebrary.com/lib/rucke/Doc?id=10052605

No items available.

© 2026 Rongo University
Contact us: librarian | system librarian | Rongo university